000 00355nam a2200133Ia 4500
008 231129s1975||||xx |||||||||||||| ||spa||
040 _bspa
082 _a970 L935h
100 _aLucena Salmoral Manuel
245 0 _aHistoria de America : Epocas : Indigenas Hispanica Republicana
260 _c1975
264 _aEdiciones Cultura
942 _2ddc
_cBKS
999 _c15065
_d15065